00682nam a2200217 a 450000100060000000300080000600500170001400800410003103500190007204000320009104100080012308200220013110000320015324500540018526000650023930000330030449000340033750000210037165000380039283000340043070582BD-RjUL20211209082022.0170418s1938 nyua 001 0 eng d a(BD-RjUL)70796 aDLCcTEUdSERdBD-RjULbeng aeng a540223bRET 19381 aReedy, J. H.q(John Henry),00aTheoretical qualitative analysis /cby J.H. Reedy aNew York ;aLondon :bMcGraw-Hill Book Company, Inc.,c1938. aix, 451 p. :bill. ;c21 cm. aInternational chemical series aIncludes Indexes 0aChemistry, AnalyticxQualitative. 0aInternational chemical series